000
00329pab a2200145 454500
008
180718b2001 xxu||||| |||| 00| 0 eng d
100
_a
Kanwar, Rakesh
245
_a
Disaster management
260
_c
2001
300
_a
p.29-43
362
_a
Jan-Jun
650
_a
Disaster prevention
773
_a
Prashasnika
909
_a
51313
999
_c
51313
_d
51313